| 000 | 00798 a2200205 4500 | ||
|---|---|---|---|
| 001 | 27718 | ||
| 005 | 20260407155551.0 | ||
| 008 | 260407a1975 arg spa d | ||
| 003 | AR-UNSa-BCEJYS | ||
| 040 |
_aAR-UNSa-BCEJYS _bspa _cAR-UNSa-BCEJYS |
||
| 080 |
_a657.45 _xOtras clases de cuentas (cuentas intangibles...) |
||
| 245 | 1 | 0 | _aLlave de Negocio |
| 250 | _a3a. ed | ||
| 264 | 1 |
_aBuenos Aires : _bEdiciones Macchi-López _c1975 |
|
| 300 |
_a246 p. _c23 cm. |
||
| 505 | _a1. Generalidades - 2. Valuación - 3. Amortización - 4. Llave de negocio creada - 5. Llave de negocio y contabilidad - 6. Impuesto a la transmisión gratuita de llave - 7. Impuestos a la transmisión onerosa de llave. | ||
| 942 | _cBK | ||
| 590 | _aniveau_biblio:m niveau_hierar:0 | ||
| 100 | 1 | _aBértora, Héctor Raúl | |
| 999 |
_c1620 _d1620 |
||